[Event "Rottach Egern Seniors Cup 10th"]
[Site "Rottach Egern"]
[Date "2022.04.02"]
[Round "8"]
[White "Redeker, Frank"]
[Black "Thonig, Manfred"]
[Result "1-0"]
[WhiteElo "1658"]
[BlackElo "1544"]
[PlyCount "35"]
[EventDate "2022.03.26"]
[EventType "swiss"]
[EventRounds "9"]
[EventCountry "GER"]
[SourceTitle "CBM 207 Extra"]
[Source "ChessBase"]
[SourceDate "2022.05.31"]
[SourceVersion "1"]
[SourceVersionDate "2022.05.31"]
[SourceQuality "1"]

1. d4 g6 2. e4 Bg7 3. Bf4 d6 4. Nf3 Nd7 5. e5 e6 6. exd6 cxd6 7. Bxd6 Qa5+ 8. c3 Qd5 9. Ba3 Nb6 10. Nbd2 Bd7 11. Be2 Rc8 12. 0-0 Nf6 13. Ne5 h5 14. Re1 Nh7 15. Bf3 Qa5 16. Nxd7 Nxd7 17. Qb3 Qc7 18. Rxe6+ 1-0

[Event "Rottach Egern Seniors Cup 10th"]
[Site "Rottach Egern"]
[Date "2022.03.28"]
[Round "3"]
[White "Walther, Renate"]
[Black "Redeker, Frank"]
[Result "0-1"]
[WhiteElo "1180"]
[BlackElo "1658"]
[PlyCount "62"]
[EventDate "2022.03.26"]
[EventType "swiss"]
[EventRounds "9"]
[EventCountry "GER"]
[SourceTitle "CBM 207 Extra"]
[Source "ChessBase"]
[SourceDate "2022.05.31"]
[SourceVersion "1"]
[SourceVersionDate "2022.05.31"]
[SourceQuality "1"]

1. e4 d6 2. d4 g6 3. Nc3 Nf6 4. h3 Bg7 5. Be3 c6 6. Qd2 0-0 7. Bd3 Qa5 8. Nge2 e5 9. d5 Bd7 10. Bh6 cxd5 11. Bxg7 Kxg7 12. exd5 Nxd5 13. Be4 Nf6 14. Bxb7 Bc6 15. Bxa8 Bxa8 16. 0-0-0 d5 17. Nd4 exd4 18. Qxd4 Rd8 19. g4 Nc6 20. Qf4 d4 21. g5 Nh5 22. Qf3 dxc3 23. Kb1 Rb8 24. b3 Ne5 25. Qe3 Bxh1 26. Rxh1 Re8 27. Rd1 Rc8 28. f4 Qa3 29. Qxe5+ Kg8 30. Rd8+ Rxd8 31. Qxc3 Rd1# 0-1

[Event "Rottach Egern Seniors Cup 9th"]
[Site "Rottach Egern"]
[Date "2021.10.23"]
[Round "2"]
[White "Zilch, Lothar"]
[Black "Redeker, Frank"]
[Result "1-0"]
[WhiteElo "1895"]
[BlackElo "1618"]
[PlyCount "47"]
[EventDate "2021.10.22"]
[EventType "swiss"]
[EventRounds "7"]
[EventCountry "GER"]
[SourceTitle "CBM 204 Extra"]
[Source "ChessBase"]
[SourceDate "2021.11.30"]
[SourceVersion "1"]
[SourceVersionDate "2021.11.30"]
[SourceQuality "1"]

1. c4 e5 2. Nc3 Nf6 3. Nf3 Nc6 4. e4 Be7 5. d4 exd4 6. Nxd4 Nxd4 7. Qxd4 d6 8. Be2 0-0 9. 0-0 c5 10. Qd3 Nd7 11. f4 Kh8 12. Be3 f5 13. exf5 Nf6 14. Bf3 Rb8 15. Rad1 a6 16. g4 Ne8 17. Bxc5 Qc7 18. Ba7 b5 19. Bxb8 Qxb8 20. cxb5 axb5 21. Nd5 Bf6 22. Nxf6 Rxf6 23. Rfe1 Qb6+ 24. Qe3 1-0

[Event "DSOL 07 Liga Gr-C 1st"]
[Site "Playchess.com INT"]
[Date "2020.06.25"]
[Round "1.2"]
[White "Sallwey, Rainer"]
[Black "Redeker, Frank"]
[Result "1-0"]
[WhiteElo "1287"]
[BlackElo "1433"]
[PlyCount "63"]
[EventDate "2020.06.22"]
[EventType "team-tourn (rapid)"]
[EventCountry "GER"]
[SourceTitle "EXT 2021"]
[Source "ChessBase"]
[SourceDate "2020.10.23"]
[SourceVersion "1"]
[SourceVersionDate "2020.10.23"]
[SourceQuality "1"]
[WhiteTeam "Langen II"]
[BlackTeam "Brand SF II"]
[WhiteTeamCountry "GER"]
[BlackTeamCountry "GER"]

1. d4 d5 2. Nf3 Nf6 3. g3 Bg4 4. Bg2 Bxf3 5. Bxf3 c6 6. 0-0 e6 7. Bg5 Nbd7 8. Nd2 Be7 9. Bg2 h6 10. Bf4 0-0 11. c4 Nh5 12. Be3 dxc4 13. Nxc4 Nhf6 14. Bf4 Nd5 15. Bxd5 cxd5 16. Ne5 Nf6 17. Nf3 Ne4 18. Rc1 Bd6 19. Bxd6 Nxd6 20. e3 Qb6 21. b3 Rac8 22. Qd2 Ne4 23. Qb2 Nd6 24. Rxc8 Rxc8 25. Rc1 Rxc1+ 26. Qxc1 a5 27. Ne5 Qd8 28. Qc2 Nf5 29. Qc5 Ne7 30. Qb5 b6 31. Nc6 Nc8 32. Nxd8 1-0

[Event "Bad Wiessee Senioren Cup 8th"]
[Site "Bad Wiessee"]
[Date "2019.05.15"]
[Round "5"]
[White "Mehlhorn, Dieter"]
[Black "Redeker, Frank"]
[Result "0-1"]
[WhiteElo "1834"]
[BlackElo "1636"]
[PlyCount "62"]
[EventDate "2019.05.11"]
[EventType "swiss"]
[EventRounds "9"]
[EventCountry "GER"]
[SourceTitle "EXT 2020"]
[Source "ChessBase"]
[SourceDate "2019.10.17"]
[SourceVersion "1"]
[SourceVersionDate "2019.10.17"]
[SourceQuality "1"]

1. d4 Nf6 2. Nf3 g6 3. c3 Bg7 4. Nbd2 0-0 5. e3 d6 6. Be2 c5 7. 0-0 b6 8. Qc2 Bb7 9. Rd1 Nbd7 10. b3 Qc7 11. Bb2 a6 12. c4 Rac8 13. d5 Rb8 14. a4 a5 15. Re1 Bc8 16. Rad1 Re8 17. Nb1 Nf8 18. Nc3 Bf5 19. Qc1 Ne4 20. Bf1 Nxc3 21. Bxc3 Bg4 22. Be2 Nd7 23. e4 Ne5 24. Nxe5 Bxe2 25. Rxe2 Bxe5 26. Bxe5 dxe5 27. Rd3 Qd6 28. Rf3 Kg7 29. Rh3 h5 30. g4 Qd7 31. Kg2 Qxg4+ 0-1

[Event "GER-ch Seniors 65"]
[Site "Hamburg"]
[Date "2018.07.27"]
[Round "7"]
[White "Garms, Ilse"]
[Black "Redeker, Frank"]
[Result "0-1"]
[WhiteElo "1744"]
[BlackElo "1615"]
[PlyCount "72"]
[EventDate "2018.07.21"]
[EventType "swiss"]
[EventRounds "9"]
[EventCountry "GER"]
[SourceTitle "CBM 186 Extra"]
[Source "ChessBase"]
[SourceDate "2018.08.24"]
[SourceVersion "1"]
[SourceVersionDate "2018.08.24"]
[SourceQuality "1"]

1. d4 Nf6 2. Nf3 g6 3. e3 Bg7 4. Bd3 d6 5. Nbd2 0-0 6. b3 e5 7. dxe5 dxe5 8. 0-0 e4 9. Nxe4 Nxe4 10. Ba3 Nd6 11. Rc1 Re8 12. h3 Nd7 13. c4 c5 14. Bxg6 hxg6 15. Qxd6 Re6 16. Qd5 Qa5 17. Ng5 Re7 18. Bxc5 Qxc5 19. Qxc5 Nxc5 20. Rfd1 Bf5 21. Rd5 Ne4 22. Nxe4 Bxe4 23. Rd2 Bc6 24. Rcd1 Rae8 25. Rd3 Be4 26. Rd6 Be5 27. R6d2 Kg7 28. f3 Bc6 29. Kf2 g5 30. g3 Rh8 31. Kg2 f5 32. e4 fxe4 33. fxe4 Bxe4+ 34. Kh2 g4 35. a3 Rxh3+ 36. Kg1 Rf7 0-1

[Event "GER-ch Seniors 65"]
[Site "Hamburg"]
[Date "2018.07.22"]
[Round "2"]
[White "Redeker, Frank"]
[Black "Wagner, Richard1111"]
[Result "1-0"]
[WhiteElo "1615"]
[BlackElo "1789"]
[PlyCount "33"]
[EventDate "2018.07.21"]
[EventType "swiss"]
[EventRounds "9"]
[EventCountry "GER"]
[SourceTitle "CBM 186 Extra"]
[Source "ChessBase"]
[SourceDate "2018.08.24"]
[SourceVersion "1"]
[SourceVersionDate "2018.08.24"]
[SourceQuality "1"]

1. d4 Nf6 2. Bf4 e6 3. e3 d5 4. Nd2 Be7 5. Bd3 0-0 6. Ngf3 c5 7. c3 h6 8. Ne5 Nbd7 9. h4 Nxe5 10. dxe5 Nh7 11. Bxh7+ Kxh7 12. Qh5 Bd7 13. Nf3 Kg8 14. Bxh6 gxh6 15. Qxh6 f6 16. Qg6+ Kh8 17. Ng5 1-0